[Event "Moscow Tal Memorial 2nd"]
[Site "Moscow"]
[Date "2007.11.12"]
[Round "3"]
[White "Mamedyarov, Shakhriyar"]
[Black "Ivanchuk, Vassily"]
[Result "1-0"]
[WhiteElo "2752"]
[BlackElo "2787"]
[Annotator "Krasenkow,M"]
[PlyCount "77"]
[EventDate "2007.11.10"]
[EventType "tourn"]
[EventRounds "9"]
[EventCountry "RUS"]
[EventCategory "20"]
[SourceTitle "CBM 122"]
[Source "ChessBase"]
[SourceDate "2008.01.30"]
[SourceVersion "1"]
[SourceVersionDate "2008.01.30"]
[SourceQuality "1"]

1. d4 Nf6 2. c4 e6 3. Nf3 d5 4. Nc3 c6 5. Bg5 h6 6. Bxf6 Qxf6 7. e3 Nd7 8. Bd3
dxc4 9. Bxc4 g6 10. O-O Bg7 11. Qc2 O-O 12. Bb3 Qe7 13. Ne4 {This is one of
the main positions of the Moscow variation.} e5 (13... Rd8 {is too passive:}
14. Rfd1 $1 (14. Rad1 $143 a5 15. a3 Ra6 (15... Nf8 16. Ne5 Bd7 17. f4 Be8 18.
g4 Kh8 19. Rde1 $14 {1/2-1/2 San Segundo Carrillo,P-Zvjaginsev,V/Pamplona 1996/
CBM 052 (28)}) 16. Rd2 (16. h3 $5 {Dreev}) (16. h4 $5) 16... Nf6 17. Nc5 Ra7
18. Ne5 Bd7 19. Rfd1 Be8 20. Na4 Raa8 21. e4 Qc7 22. Nf3 Rac8 23. e5 Nd7 24.
Rc1 $6 (24. Qe4 $11) 24... c5 25. Qe4 b6 26. g3 Qb8 27. d5 Nxe5 28. Nxe5 Qxe5
29. Qxe5 Bxe5 30. Nxb6 (30. Re2 Bxa4 31. Bxa4 Rxd5) 30... Rb8 31. Nc4 Bd4 $17 {
0-1 Bareev,E-Dreev,A/Wijk aan Zee 1995/CBM 045 (54)}) 14... Nf8 15. Ne5 (15.
Rac1 $5 Bd7 16. a3 Be8 17. Ne5 f5 $6 18. Nd2 Rac8 19. Nd3 g5 20. Qc5 Rc7 21.
Qxa7 Bh5 22. Re1 Kh8 23. Qa5 b5 24. Rc5 $16 {1-0 Goldin,A-Bykhovsky,A/Israel
1996/CBM 052 ext (34)}) 15... f6 16. Nf3 Bd7 17. Qc5 Qxc5 18. dxc5 f5 19. Nd6
Bxb2 20. Rab1 Bf6 21. Nxb7 Re8 22. e4 fxe4 23. Nd2 e3 24. fxe3 Bg5 25. Kf2 Reb8
26. Nd6 a5 27. N2c4 a4 28. Bc2 a3 29. Rxb8 Rxb8 30. Rb1 Rxb1 31. Bxb1 $16 {
1/2-1/2 Biriukov,O-Ivanov,S/St Petersburg 1998/CBM 065/[Hecht] (51)}) 14. Nc3 {
[%cal Rc2g6] An interesting move. After provoking ...e6-e5 the knight comes
back to support d4-d5. White has a lot of other options seen in practice:} (14.
Rfe1 Kh8 15. Ned2 (15. Rad1 f5 16. Nc5 e4 17. Nd2 Nxc5 18. dxc5 Qe5 19. Rb1 Bd7
20. Red1 Rad8 21. Qc4 b5 22. cxb6 axb6 23. a4 b5 $15 {1/2-1/2 Guliev,S-Yagupov,
I/Moscow 1997/EXT 2000 (46)}) (15. Nc3 $142 $1) 15... Re8 $1 16. Nc4 e4 17.
Nfe5 $6 (17. Nfd2 Nf8 18. h3 Bf5 19. Rac1 Rad8 $15 {Dreev}) 17... Nxe5 18. dxe5
(18. Nxe5 Bxe5 19. dxe5 Bf5 $15) 18... Bf5 19. Rad1 Rf8 20. Nd6 Bxe5 21. Nxf5
gxf5 22. Rd2 Rad8 23. Red1 Kg7 $15 {0-1 Dautov,R-Dreev,A/Yerevan (ol) 1996/Inf
68/[Dreev,A] (75)}) (14. Rfd1 exd4 15. Nxd4 Nf6 16. Nc5 b6 17. Nd3 c5 18. Nf4
Kh7 19. Nde6 Bxe6 20. Bxe6 b5 21. Bd5 Rad8 22. a4 a6 23. axb5 axb5 24. Ra5 Kh8
25. Bf3 {1/2-1/2 Tukmakov,V-Korotylev,A/Biel 2003/CBM 095 ext}) (14. Rad1 exd4
15. exd4 (15. Rfe1 d3 16. Qxd3 Kh7 17. Nd6 Nc5 18. Qc2 Nxb3 19. Nxc8 Rfxc8 20.
Qxb3 a5 21. Qc2 Rd8 22. b3 Qb4 {1/2-1/2 Litvinenko,N-Wilczek,T/Chessfriend.com
2003/Telechess CBM 101 (43)}) 15... Nf6 (15... Nb6 16. Rfe1 Bg4 17. Ned2 Qd6
18. h3 Bf5 19. Ne4 Qf4 20. Ne5 Bxe5 21. dxe5 Qxe5 22. Qc5 Qxb2 23. Ng3 Nd5 24.
Nxf5 gxf5 25. Bxd5 cxd5 26. Qxd5 $44 {1/2-1/2 Dautov,R-Godena,M/Vienna 1996/
CBM 053 ext/[Chekhov] (42)}) 16. Nc5 Bf5 17. Qc1 Rad8 (17... b6 18. Nd3 Qd6 19.
Nde5 Be4 20. Rfe1 Bd5 21. Bxd5 cxd5 22. h3 Ne4 23. Qe3 Rac8 24. Rc1 b5 $11 {
0-1 Shipov,S-Dreev,A/Internet ICC 2002/EXT 2003 (74)}) 18. Rfe1 Qc7 19. h3 Nd5
20. Nd3 Qd6 21. Nfe5 Rfe8 22. Nf4 Bxe5 23. dxe5 Rxe5 24. Nxd5 cxd5 25. Qxh6
Rxe1+ 26. Rxe1 d4 $13 {1-0 Sokolov,I-Savchenko,S/Lyon 1994/CBM 045 (88)}) (14.
Ng3 $5 Kh8 15. h4 (15. Rad1 Re8 (15... f5 $5) (15... a5) 16. dxe5 Nxe5 17. Nxe5
Bxe5 18. f4 Bg7 (18... Bc7 $143 19. Qc3+ (19. f5 g5 20. Qc4 Qxe3+ 21. Kh1 Qe7
22. Qxf7 Qxf7 23. Bxf7 Rf8 24. Bg6 b6 25. Nh5 Be5 $132 {1/2-1/2 Gallo,L-Busch,
K/IECG 2003/Telechess 117 (53)}) 19... Kg8 $2 (19... f6 $142 20. e4 $36 {
Kaidanov,G.}) 20. f5 g5 21. Kh1 Be5 22. Qc4 Bxg3 23. hxg3 Rf8 24. Qc3 c5 25. f6
Qc7 26. Qd3 c4 27. Bxc4 Bf5 28. Rxf5 Rad8 29. Rd5 {1-0 Kaidanov,G-Ippolito,D/
Connecticut 2002/CBM 087 ext}) 19. f5 (19. e4 Bg4 {1/2-1/2 Castaneda,G-Yagupov,
I/Tula 2007/CBM 119 ext}) 19... Bxf5 20. Nxf5 gxf5 21. Qxf5 Qxe3+ 22. Kh1 Qe4
23. Qxf7 Re7 24. Qf2 {1/2-1/2 Ruck,R-Goloshchapov,A/Topola 2004/CBM 101}) 15...
f5 (15... Re8 $5 {[%cal Ye5e4]} 16. Qc4 Rf8) 16. h5 e4 17. Nd2 g5 18. Rac1 c5
19. Qc4 Qf6 20. dxc5 Ne5 21. Qb5 a6 22. Qa5 Nd3 23. Rc2 Nxb2 24. Rb1 Nd3 25.
Nc4 $14 {0-1 Bacrot,E-Filippov,V/Corsica 1997/EXT 1999 (49)}) 14... a5 $146 (
14... Kh8 15. Rad1 f5 (15... b6 16. d5 Bb7 17. h4 Nc5 18. d6 Qd7 19. h5 Nxb3
20. axb3 g5 21. e4 Rad8 22. Ne2 Qe6 23. Ng3 (23. Qd3 $5) 23... Rxd6 24. Nf5
Rdd8 25. Nh2 c5 26. Ng4 a5 27. Nge3 $44 {1-0 Kramnik,V-Piket,J/Monte Carlo
2002/CBM 087 ext (38)}) 16. d5 (16. Ne2 a5 17. Rfe1 Kh7 18. a3 e4 19. Nd2 c5
20. Nc3 Nb6 21. Nc4 Nxc4 22. Bxc4 cxd4 23. exd4 Be6 24. Bxe6 Qxe6 25. d5 Qd7
26. a4 Rac8 27. Qb3 $13 {1-0 Epiney,F-Mauro,L/Chessfriend.com 2003/Telechess
CBM 95 (49)}) (16. e4 f4 17. d5 g5 18. dxc6 bxc6 19. Na4 g4 20. Nd2 Ba6 21. Bc4
Bb5 22. Nc3 Bxc4 23. Nxc4 Nc5 24. Nd6 $36 {1-0 Pozo Vera,S-Rasmussen,K/Havana
CUB 2007/The Week in Chess 655 (66)}) 16... e4 17. Nd4 Ne5 18. Nce2 Bd7 (18...
cxd5 $142) 19. Nf4 Rfc8 20. d6 Qf6 21. Nde6 Rab8 22. Qc5 Kh7 23. Qxa7 $16 {
1-0 Makarov,M-Lastin,A/Krasnoyarsk RUS 2007/The Week in Chess 670 (40)}) (14...
Kh7 $142 $1 15. Rad1 (15. Rfe1 $143 Re8 (15... b6 16. Rad1 Bb7 $11 17. h4 $6
Rae8 18. h5 e4 19. Nd2 Nf6 20. hxg6+ fxg6 21. f3 exf3 22. Nxf3 Ng4 23. Qd3 Rxf3
24. gxf3 Nxe3 $17 {0-1 Graf,A-Goloshchapov,A/Dubai 2003/CBM 093 ext (51)}) 16.
Rad1 e4 17. Nd2 f5 18. Nc4 Nb6 19. Nxb6 axb6 20. a3 Bd7 21. Rd2 b5 22. d5 Qc5
23. dxc6 Bxc6 24. Ne2 Qxc2 25. Rxc2 Red8 $11 {1/2-1/2 Mamedyarov,S-Gelfand,B/
Moscow RUS 2007/The Week in Chess 681 (82)}) 15... f5 (15... Re8 16. d5 Nc5 17.
d6 Qd7 18. Nd5 (18. Ne4 $142) 18... e4 19. Ne1 cxd5 20. Qxc5 d4 21. exd4 Rd8
22. Nc2 f5 23. Ne3 b6 24. Qd5 $6 Bb7 25. Qe6 Qxe6 26. Bxe6 Rxd6 $17 {0-1
Halkias,S-Potkin,V/Katernberg GER 2007/The Week in Chess 682 (54)}) 16. d5 (16.
Nxe5 Nxe5 17. dxe5 Qxe5 18. Rd3 f4 19. exf4 Qxf4 20. Re3 Bf5 21. Qe2 Rad8 22.
Bc2 $11 {1/2-1/2 Oms Pallise,J-Perez Candelario,M/Lorca 2005/CBM 111 (29)})
16... e4 17. Nd4 Ne5 18. Nce2 Nd3 $1 19. dxc6 bxc6 20. Qxc6 Bb7 {The g6 pawn
is protected!} 21. Qe6 Rfe8 22. Qxe7 Rxe7 23. Nc1 Bxd4 24. exd4 Nxb2 25. Rd2
Nd3 26. Nxd3 exd3 27. Bc4 Rd8 28. Rxd3 Rc7 29. Re3 Rxd4 {1/2-1/2 Bu
Xiangzhi-Motylev,A/Khanty-Mansiysk RUS 2007/The Week in Chess 682}) 15. a3 {
An obvious reply. The insertion of ...a7-a5 and a2-a3 must be favorable for
White as Black's queenside is now weakened.} (15. Qxg6 $2 a4) 15... Kh7 16.
Rfe1 (16. Rad1 {needs testing.}) 16... b6 (16... Re8 $5) 17. Rad1 Bb7 18. d5 $1
{Of course! Instead of anti-positional plans with h2-h4 (see 14...Kh7), White
breaks in the centre.} Rac8 (18... cxd5 {deserved attention although the
weakness of the b6 pawn was now quite annoying.} 19. Bxd5 Nc5 20. Bxb7 Qxb7 21.
e4 $14) 19. d6 Qe8 20. h4 $1 {Now, after gaining space in the centre, it's
time to switch to the kingside!} f5 21. e4 $1 {[%cal Rh4h5]} f4 22. Na4 $1 {
The consequences of 14...a5? will now make Black worry during the whole game.
However, his position is still very solid.} Bf6 23. g3 Bd8 24. Kg2 Rf6 25. g4
Ba6 ({Alas,} 25... Qf8 {doesn't work due to} 26. g5 $1 Rxd6 27. Rxd6 Qxd6 28.
Qc4 Qf8 29. Rd1 Rc7 30. Qe6 Bc8 31. Rd6 $18) (25... Rf8 $5 {deserved attention
but I guess, Black intentionally allowed White to open up the kingside, in
order to get some counterplay in future.}) 26. g5 Rf8 27. gxh6 $6 {This turns
out to be good for Black.} (27. Rh1 $142 c5 ({in case of} 27... h5 {White will
prepare an invasion to e6}) 28. Bd5 b5 29. Nc3 b4 (29... c4 30. a4 $1 b4 31.
Nb5) 30. Na4 c4 31. axb4 axb4 32. Ra1 {keeping initiative.}) 27... Kxh6 28. Rg1
c5 29. Bd5 b5 30. Nc3 {The knight has fulfilled its mission.} b4 31. Ne2 $6 (
31. Na4 c4 32. axb4 axb4 33. Ra1 Bb5 34. Qd2 Nf6 $132) 31... Nb6 32. Kh2 Rh8 $2
{Overlooking a tactical blow. After} (32... Kg7 33. Rg4 Rh8 {the position
remained tense.}) {[%tqu "En","What tactical blow did Black overlook?","","",
"d5f7","",10]} 33. Bf7 $1 Qxf7 34. Nxe5 Qe8 35. Nxg6 {and the black king is
helpless.} Nd7 36. Nexf4 Ne5 37. d7 $1 Nxd7 38. e5 Qxe5 39. Nxe5 1-0

[Event "Tashkent FIDE GP 2nd"]
[Site "Tashkent"]
[Date "2012.11.24"]
[Round "3"]
[White "Mamedyarov, Shakhriyar"]
[Black "Svidler, Peter"]
[Result "1-0"]
[WhiteElo "2764"]
[BlackElo "2747"]
[Annotator "Krasenkow,M"]
[PlyCount "77"]
[EventDate "2012.11.22"]
[EventType "tourn"]
[EventRounds "11"]
[EventCountry "UZB"]
[EventCategory "20"]
[SourceTitle "CBM 152"]
[Source "ChessBase"]
[SourceDate "2013.01.15"]
[SourceVersion "1"]
[SourceVersionDate "2013.01.15"]
[SourceQuality "1"]

1. d4 Nf6 2. c4 g6 3. Nc3 d5 4. Nf3 Bg7 5. e3 O-O 6. Be2 e6 {Evading the main
line} (6... c5) 7. O-O b6 8. b4 (8. b3 {is the most popular move but the text
continuation is quite logical.}) 8... dxc4 (8... c5 $6 {is premature:} 9. bxc5
bxc5 10. cxd5 Nxd5 (10... exd5 11. Ba3 Qa5 $140 $2 12. Bxc5 Qxc3 13. Bxf8 Bxf8
14. Rc1) 11. Nxd5 Qxd5 12. Ba3 Nd7 13. Qc2 Re8 {1-0 Gromek,J-Witkowski,S/
Wroclaw 1955/MCL (22)} (13... Bb7 14. Rfd1) 14. Rab1 $16 {[%cal Rd4c5]}) 9.
Bxc4 Bb7 (9... Nd5 $5 10. Nxd5 (10. Qb3 Bb7 11. Bb2 Nxc3 12. Bxc3 Nd7 13. Be2
Nf6 14. Rac1 Ne4 15. Ba1 Qe7 16. Rc2 Rfc8 $11 {0-1 Salas,M-Stahlberg,G/
Santiago de Chile 1946/EXT 2002 (62)}) 10... exd5 11. Be2 (11. Bd3 $5) 11...
Re8 12. Ba3 a6 13. Rc1 Bd7 14. Bb2 Bb5 15. a4 Bxe2 16. Qxe2 Bf8 $5 17. Qd2 Bd6
$132 {1/2 Frey Beckman,K (2350)-Lombardy,W (2525)/Mexico 1980/EXT 2009 (60)})
10. a4 Nbd7 (10... Nd5 11. Nxd5 exd5 {[%csl Rb7] is less appropriate with the
bishop on b7:} 12. Bd3 c6 13. Ba3 Nd7 14. Rc1 Rc8 15. Qe2 Re8 16. Rfd1 f5 17.
Ba6 Bxa6 18. Qxa6 Rc7 19. Qd3 $14 Qf6 $6 20. b5 $16 {1/2 Orsag,M (2385)
-Ftacnik,L (2595)/Pribram 1997/EXT 2001 (53)}) 11. Ba3 Re8 12. Qe2 c5 {Black
tries to solve his problems surgically.} (12... Bf8 $5 {but, of course,
without ...c7-c5 Black will suffer a lot.}) 13. dxc5 bxc5 14. bxc5 {It turns
out that this pawn can't be recaptured without serious concessions.} Bf8 15.
Bb5 $1 Rc8 16. Rfd1 Bxc5 17. Ne5 Bxa3 18. Nxd7 Rxc3 $2 (18... Nxd7 $142 19.
Rxd7 Rxc3 20. Rxd8 Rxd8 {with good drawing chances (M.Golubev).}) 19. Nxf6+
Qxf6 20. Bxe8 {White has won an exchange but it it still not so easy to
convert it.} Be4 21. Qg4 Bd5 22. Qd4 Qxd4 23. Rxd4 a6 24. h3 (24. e4 $142 Bb3 (
24... Bb2 25. Rb1 Ba2 26. Re1 Rc2 27. Rd8 Kg7 28. Red1) 25. h3 Bc5 26. Rd2)
24... Kf8 25. Bd7 (25. e4 Bc5 26. Rdd1 Bxe4 27. Rac1 Rxc1 28. Rxc1 Bxf2+ 29.
Kxf2 Kxe8) 25... Bd6 26. e4 Bc5 $6 (26... Be5 $5 27. Rb4 Bc4) 27. Rdd1 Bxe4 28.
Rac1 {After the exchange of rooks White's technical task becomes easier.} Bb4
29. Rxc3 Bxc3 {[%mdl 4096]} 30. Rc1 Bd4 $6 (30... Bd2 $142 {keeping the
a5-square under control.}) 31. a5 $6 {Missing an opportunity to trade a pair
of bishops:} (31. Bc6 $1 {If} Bb2 {then} 32. Rc5 Bd3 33. Bb7 {[%cal Yc5c8,
Yc8a8]}) 31... Ke7 32. Bc8 (32. Bc6 {was already too late due to} Bb2 33. Rc4
Bd3) 32... Bb2 33. Rc5 Bd3 $2 {This move allows White to rearrange his pieces
in the best way and successfully attack the a6-pawn.} ({After} 33... Kd6 34.
Rc4 Bd5 {it is still unclear how White can win, e.g.} 35. Rc2 Bf6 36. Bxa6 Bd8
{recapturing the a5-pawn.}) 34. Bb7 {[%cal Yc5c8,Yc8a8]} Bb5 35. Rc8 Be5 36.
Ra8 Bc7 37. Bxa6 Bc6 38. Ra7 Kd6 39. Bb7 1-0

[Event "Moscow Tal Memorial 8th"]
[Site "Moscow"]
[Date "2013.06.13"]
[Round "1"]
[White "Nakamura, Hikaru"]
[Black "Mamedyarov, Shakhriyar"]
[Result "0-1"]
[WhiteElo "2784"]
[BlackElo "2753"]
[Annotator "Krasenkow,M"]
[PlyCount "62"]
[EventDate "2013.06.13"]
[EventType "tourn"]
[EventRounds "9"]
[EventCountry "RUS"]
[EventCategory "22"]
[SourceTitle "CBM 155"]
[Source "ChessBase"]
[SourceDate "2013.07.16"]
[SourceVersion "1"]
[SourceVersionDate "2013.07.16"]
[SourceQuality "1"]

1. d4 Nf6 2. c4 e6 3. Nf3 d5 4. Nc3 Bb4 5. Qa4+ Nc6 6. e3 O-O 7. Bd2 dxc4 8.
Bxc4 a6 9. O-O Bd6 10. Rad1 (10. Qc2 {leads to the main line of this system
examined in the theoretical survey in CBM 153. The text move is hardly a good
alternative. Generally, White's rook will be vulnerable on d1 after the
eventual ...Bc8-g4 (after ...e6-e5, of course).}) (10. Rfe1 {makes more sense
but Black has no serious problems anyway:} e5 11. d5 Ne7 (11... e4 $143 12.
Nxe4 Nxe4 13. dxc6 Nxd2 14. Nxd2 Bxh2+ 15. Kxh2 Qxd2 16. cxb7 Bxb7 17. Kg1 Rab8
18. Qa3 Rbd8 19. Qc5 Qd6 20. Qxd6 Rxd6 21. Rac1 $14 {1/2 (52) Lenic,L (2595)
-Moiseenko,A (2677) Moscow 2010}) 12. e4 h6 13. Qd1 Ng6 14. Rc1 Bd7 15. Bf1 c5
{1/2 (15) Lenic,L (2602)-Arutinian,D (2573) Martuni 2010}) 10... e5 (10... Qe7
11. e4 e5 12. Bg5 exd4 (12... Qe8 13. Bxf6 gxf6 14. Nd5 Kg7 15. dxe5 fxe5 16.
Qb3 $14 {1-0 (40) Lampert,J (2333)-Sumets,A (2590) Wunsiedel 2013}) 13. Nd5
Qxe4 14. Nxf6+ (14. Bxf6 b5 15. Bxb5 axb5 16. Qxa8 Qxd5 17. Bxd4 Bg4 $17) 14...
gxf6 15. Bd3 Qe6 $13) 11. dxe5 (11. d5 Ne7 12. e4 h6 13. Be2 Ng6 14. Ne1 Nf4
15. Bxf4 exf4 16. Nd3 Nd7 17. Nb1 Re8 18. Nd2 Nc5 19. Nxc5 Bxc5 20. Qc2 Bd6 $11
{1/2 (49) Gagunashvili,M (2625)-Serper,G (2507) Las Vegas 2007}) 11... Nxe5 12.
Be2 (12. Nxe5 Bxe5 13. Be2 Bd7 14. Qh4 Bc6 15. Bc1 Qe7 16. f3 Rad8 17. Qc4 Bd6
18. e4 Qe5 19. g3 Bc5+ 20. Kg2 b5 21. Qb3 h6 $132 {1-0 (50) Raicevic,V (2446)
-Stevanovic,S (2253) Serbia 2006}) 12... Qe7 13. Ng5 $6 {Hardly a good
manoeuvre since the knight doesn't reach the e4 square.} ({It was time to
simplify the game, aiming for equality:} 13. Ne4 $5) 13... Bf5 $1 14. e4 ({
In the event of} 14. Nge4 $2 Nxe4 15. Nxe4 b5 $1 16. Qc2 {the knight is pinned,
and Black obtains a big advantage, e.g.} Rfe8 17. f3 Ng4 $1 {etc.}) 14... Bd7
15. Qc2 h6 16. Nf3 {An inglorious retreat.} Rfe8 17. Rfe1 Rad8 18. g3 $6 (18.
h3 $142 Nxf3+ 19. Bxf3 Qe5 20. g3 {since} Bxh3 $6 {is risky due to} 21. Bf4 {
[%cal Ye4e5]}) 18... Neg4 $1 19. h3 $6 ({Of course, after} 19. Bd3 Bc5 20. Re2
Bc6 {White's position is unpleasant but now it just collapses.}) 19... Nxf2 $1
{[%mdl 640]} 20. Kxf2 Bxh3 {[%cal Rd6c5]} 21. Kg1 (21. Nd4 Bc5 22. Be3 Qe5 {
with deadly threats}) 21... Bxg3 22. Bf1 Bxe1 23. Rxe1 Bg4 24. Bg2 Bxf3 25.
Bxf3 Qd6 26. Re2 Qg3+ 27. Bg2 Ng4 {White's king is naked and helpless.} 28. Nd1
Re6 29. Ne3 Rc6 30. Qb1 Qh2+ 31. Kf1 Qf4+ (31... Qf4+ 32. Ke1 (32. Kg1 Rxd2)
32... Qg3+ 33. Kf1 Nh2+ 34. Kg1 Nf3+ $19) 0-1

[Event "Beijing FIDE GP"]
[Site "Beijing"]
[Date "2013.07.11"]
[Round "7"]
[White "Mamedyarov, Shakhriyar"]
[Black "Topalov, Veselin"]
[Result "1-0"]
[WhiteElo "2761"]
[BlackElo "2767"]
[Annotator "Krasenkow,M"]
[PlyCount "47"]
[EventDate "2013.07.04"]
[EventType "tourn"]
[EventRounds "11"]
[EventCountry "CHN"]
[EventCategory "21"]
[SourceTitle "CBM 156"]
[Source "ChessBase"]
[SourceDate "2013.09.17"]
[SourceVersion "1"]
[SourceVersionDate "2013.09.17"]
[SourceQuality "1"]

1. d4 Nf6 2. c4 e6 3. Nc3 Bb4 4. Qc2 O-O 5. Nf3 c5 6. dxc5 Na6 7. g3 Nxc5 8.
Bg2 Nce4 9. O-O Bxc3 (9... Nxc3 {is more common and logical, not yielding
White the bishop pair.}) 10. bxc3 d5 {Hardly a good idea - to open up the
position against White's bishops.} (10... d6 11. Nd4 Nc5 12. Rd1 (12. Ba3 Bd7
13. Bxc5 dxc5 14. Nb5 Bxb5 15. cxb5 Qc7 16. Rfd1 Rad8 $11 {0-1 (67) Vera
Gonzalez Quevedo,R (2510)-Rivera,A (2440) Cienfuegos 1997}) 12... Bd7 13. Nb3
Qc7 14. Nxc5 Qxc5 {0-1 (53) Neubauer,M (2465)-Stefansson,H (2574) Rijeka 2010}
15. Bxb7 Rab8 16. Bf3 $14) (10... Qc7 $5 11. Nd4 (11. Bf4 $5 Qxc4 $4 12. Ne5)
11... d5 12. cxd5 exd5 13. Ba3 Re8 14. Rac1 Qe5 15. e3 Bd7 {1/2 (15) Brunner,N
(2412)-Renet,O (2469) Haguenau FRA 2013}) (10... Qa5 $5 11. Nd4 d5 (11... Qxc3
$6 12. Qxc3 Nxc3 13. Ba3 Re8 14. Rfc1 e5 15. Rxc3 exd4 16. Rd3 Rxe2 17. Rxd4
$36) 12. cxd5 exd5 13. c4 Re8 14. cxd5 Qxd5 15. Bb2 Bd7 16. f3 (16. Qb3 $5)
16... Rac8 17. Qd3 Nc5 18. Qd2 Na4 19. e4 Qd6 $11 {1/2 (31) Vera Gonzalez
Quevedo,R (2495)-Adla,D (2435) Matanzas 1992}) 11. Ng5 $5 {White wants to
immediately get rid of Black's centralised knight. A tactical fight now starts.
} (11. Bf4 $5 {was probably more appropriate, though,} dxc4 $140 $6 12. Ne5)
11... Nd6 $1 (11... Nxg5 12. Bxg5 dxc4 13. Rfd1 Qe7 14. Qa4 {with unpleasant
pressure.}) 12. cxd5 exd5 13. Rd1 Bf5 14. Qb3 h6 15. Nh3 Bxh3 16. Bxh3 Re8 17.
Bg2 Rxe2 18. Bxd5 Nxd5 19. Qxd5 Qf6 20. Bf4 Ne4 $2 {[%mdl 64] The wrong choice.
} (20... Nf5 $1 21. Qxb7 Rae8 22. Qf3 (22. Qxa7 Nh4 $1 23. Qb7 g5) 22... R2e4 {
gave Black a decent compensation for the pawn.}) 21. Qd3 Nxc3 22. Rac1 {
Black's pieces are in trouble.} Nxd1 $2 (22... g5 $8 23. Rxc3 gxf4 24. Qxe2
Qxc3 25. Qg4+ Qg7 26. Qxf4 $16 {[%csl Rg8]}) 23. Qxe2 Nc3 24. Qc4 {The knight
is trapped, and further resistance is hopeless.} 1-0